ბათუმის შოთა რუსთაველის სახელმწიფო უნივერსიტეტის ბიბლიოთეკა

პუბლიცისტური ნაწერების კრებული (ბიბ.ჩანაწერი № 43393)

000 -LEADER
fixed length control field 00772nam a2200205Ia 4500
001 - CONTROL NUMBER
control field 10121
003 - CONTROL NUMBER IDENTIFIER
control field GE_BSU
008 - FIXED-LENGTH DATA ELEMENTS--GENERAL INFORMATION
fixed length control field 181216s||||||||xx |||||||||||||| ||und||
020 ## - INTERNATIONAL STANDARD BOOK NUMBER
International Standard Book Number 9789941179242
040 ## - CATALOGING SOURCE
Transcribing agency GE_BSU
080 ## - UNIVERSAL DECIMAL CLASSIFICATION NUMBER
Universal Decimal Classification number 08(479.22)
245 ## - TITLE STATEMENT
Title პუბლიცისტური ნაწერების კრებული
245 ## - TITLE STATEMENT
Statement of responsibility, etc. შემდგ. თინათინ ბარამიძე.რედ.ნოდარ ტაბიძე.მხატვ. გოგი წერეთელი
260 ## - PUBLICATION, DISTRIBUTION, ETC.
Place of publication, distribution, etc. თბილისი
260 ## - PUBLICATION, DISTRIBUTION, ETC.
Name of publisher, distributor, etc. უნივერსალი
260 ## - PUBLICATION, DISTRIBUTION, ETC.
Date of publication, distribution, etc. 2013
300 ## - PHYSICAL DESCRIPTION
Extent 575გვ.30სმ.
653 ## - INDEX TERM--UNCONTROLLED
Uncontrolled term პუბლიცისტური ნაწერების კრებული
942 ## - ADDED ENTRY ELEMENTS (KOHA)
Koha item type წიგნი
ეგზემპლარები
Withdrawn status Lost status Damaged status Not for loan Date acquired Barcode Date last seen Price effective from Koha item type
        2018-12-17 18702 2018-12-17 2018-12-17 წიგნი